000 01028nam a22003137a 4500
001 7303
003 FISKH
005 20250709085549.0
008 250709b cb ||||| |||| 00| 0 eng d
020 _a9780439206716
040 _aFISKH
_beng
_cFISKH
_dFISKH
050 _aPZ7.M47879 F
082 _a813.54
100 _aMcMullan, Kate
_d(1947-)
245 _aFluffy's school bus adventure /
_cBy Kate McMullan ; Illustrated by Mavis Smith
250 _aThis edition first published in 2000
260 _aNew York :
_bScholastic,
_c2000
300 _a37 unnumbered pages :
_bcolor illustrations ;
_c23 cm
490 _aScholastic reader
_vLevel 3
505 _aJ
520 _aWhen Fluffy the guinea pig is accidentally put on the wrong school bus, he ends up having a wonderful time.
521 8 _a460
_bLexile
521 8 _aJ
_bRaz-Plus
650 _2Animal characters
_aQuinea pig
650 _2School stories
_aHampster
700 _aSmith, Mavis
_dillustrator
942 _2ddc
_cBK
_n0
999 _c7303
_d7303